000 01213nam a2200289 a 4500
001 BRCA_2622
005 20190320203908.0
008 011208s1879----sp-a---###---#000-0#spa-#
041 _aspa
044 _asp
084 _a187
_b.F47
_c1879
100 1 _aCervantes Saavedra, Miguel de
_d1547-1616
_9213
245 1 0 _aEl Ingenioso Hidalgo Don Quijote de la Mancha
_cpor Miguel de Cervantes Saavedra.
260 _aSevilla
_bJosé G. Fernández
_c1879
300 _a2 v.
_bil. a color
_c13 cm.
500 _aContenido : v 1. Texto abreviado. -- v 2. Texto ebreviado
500 _aEdición para niños, muy abreviada, copia de la publicada por el mismo editor, en 1977-79. Con marbete de: Luis Bardón, librero-anticuario Lúdovik Osterc
500 _aEstado físico : Encuadernación ligeramente desprendida. El volumen 2 presenta hojas sueltas
500 _aQMB112
650 1 4 _aNovela española
_yÉpoca clásica, 1500-1700
_9215
650 1 4 _aLiteratura española
_yÉpoca clásica, 1500-1700
_9216
650 1 4 _aNovela española
_ySiglo XVII
_9217
650 1 4 _aDon Quijote (Personaje ficticio)
_eNovela
_9218
740 0 _aEl Ingenioso Hidalgo Don Quijote de la Mancha
902 _aQFM
942 _2lcc
_cB
999 _c2362
_d2362